<?xml version="1.0" encoding="UTF-8"?><?xml-stylesheet type="text/xsl" href="static/style.xsl"?><OAI-PMH xmlns="http://www.openarchives.org/OAI/2.0/" xmlns:xsi="http://www.w3.org/2001/XMLSchema-instance" xsi:schemaLocation="http://www.openarchives.org/OAI/2.0/ http://www.openarchives.org/OAI/2.0/OAI-PMH.xsd"><responseDate>2026-04-17T14:06:58Z</responseDate><request verb="GetRecord" identifier="oai:www.recercat.cat:10459.1/64638" metadataPrefix="marc">https://recercat.cat/oai/request</request><GetRecord><record><header><identifier>oai:recercat.cat:10459.1/64638</identifier><datestamp>2024-12-05T22:05:37Z</datestamp><setSpec>com_2072_3622</setSpec><setSpec>col_2072_479130</setSpec></header><metadata><record xmlns="http://www.loc.gov/MARC21/slim" xmlns:dcterms="http://purl.org/dc/terms/" xmlns:xsi="http://www.w3.org/2001/XMLSchema-instance" xmlns:doc="http://www.lyncode.com/xoai" xsi:schemaLocation="http://www.loc.gov/MARC21/slim http://www.loc.gov/standards/marcxml/schema/MARC21slim.xsd">
   <leader>00925njm 22002777a 4500</leader>
   <datafield ind2=" " ind1=" " tag="042">
      <subfield code="a">dc</subfield>
   </datafield>
   <datafield ind2=" " ind1=" " tag="720">
      <subfield code="a">Paül i Agustí, Daniel</subfield>
      <subfield code="e">author</subfield>
   </datafield>
   <datafield ind2=" " ind1=" " tag="260">
      <subfield code="c">2018-07-26T15:28:47Z</subfield>
   </datafield>
   <datafield ind2=" " ind1=" " tag="260">
      <subfield code="c">2018-07-26T15:28:47Z</subfield>
   </datafield>
   <datafield ind2=" " ind1=" " tag="260">
      <subfield code="c">2017-11-05</subfield>
   </datafield>
   <datafield ind2=" " ind1=" " tag="260">
      <subfield code="c">2018-07-26T15:28:47Z</subfield>
   </datafield>
   <datafield ind2=" " ind1=" " tag="520">
      <subfield code="a">El título del libro, Queríamos un Calatrava, es un acertado resumen del contenido, el enfoque y las reflexiones que plantea la obra reseñada. Se trata de un enunciado derivado de unas declaraciones de Jaume Matas, presidente del Govern Balear en dos períodos (1996-1999 y 2003-2007) y posteriormente encarcelado por tráfico de influencias. Matas, fue impulsor de un proyecto encargado a Calatrava, finalmente no realizado: la ópera de Palma. Un proyecto que la Fiscalía Anticorrupción consideraba que 'obedecía a intereses personales, partidistas y electoralistas' (p. 188). Tras asistir al juicio, y en declaraciones a la prensa, Matas justificó su actuación señalando con orgullo: 'Decidimos adquirir un Calatrava' (p. 188). De ello se desprende que el objetivo de la construcción era tener un edificio de Calatrava. No se aspiraba a responder a ninguna necesidad social, económica o urbanística. Un patrón que observaremos en varias de las construcciones presentadas en el libro que reseñamos.</subfield>
   </datafield>
   <datafield ind2=" " ind1=" " tag="520">
      <subfield code="a">El trabajo se integra dentro de los proyectos CSO2015-64643-R y 2014 SGR 973</subfield>
   </datafield>
   <datafield ind1="8" ind2=" " tag="024">
      <subfield code="a">http://hdl.handle.net/10459.1/64638</subfield>
   </datafield>
   <datafield tag="653" ind2=" " ind1=" ">
      <subfield code="a">Urbanisme</subfield>
   </datafield>
   <datafield tag="653" ind2=" " ind1=" ">
      <subfield code="a">Arquitectura i societat</subfield>
   </datafield>
   <datafield tag="653" ind2=" " ind1=" ">
      <subfield code="a">Arquitectura del paisatge urbà</subfield>
   </datafield>
   <datafield tag="653" ind2=" " ind1=" ">
      <subfield code="a">City planning</subfield>
   </datafield>
   <datafield tag="653" ind2=" " ind1=" ">
      <subfield code="a">Architecture and society</subfield>
   </datafield>
   <datafield tag="653" ind2=" " ind1=" ">
      <subfield code="a">Urban landscape</subfield>
   </datafield>
   <datafield ind2="0" ind1="0" tag="245">
      <subfield code="a">Arquitectura global y urbanismo espectáculo: una apuesta alejada del ciudadano</subfield>
   </datafield>
</record></metadata></record></GetRecord></OAI-PMH>